[Event "British Columbia-ch U20"]
[Site "Vancouver CAN"]
[Date "2018.11.11"]
[Round "3.8"]
[White "Zheng, Victor"]
[Black "Imoo, Joshua"]
[Result "1-0"]
[WhiteElo "1876"]
[BlackElo "1510"]
[PlyCount "107"]
[EventDate "2018.11.10"]
[EventType "swiss"]
[EventRounds "5"]
[EventCountry "CAN"]

1. Nf3 d5 2. g3 Nf6 3. Bg2 e6 4. O-O Be7 5. c4 O-O 6. d4 c5 7. cxd5 Nxd5 8. Nc3
Nc6 9. Nxd5 exd5 10. dxc5 Bxc5 11. a3 Be6 12. b4 Bb6 13. Bb2 f6 14. e3 Qd7 15.
Qd2 Rfd8 16. Rfd1 Bg4 17. a4 Bc7 18. Rac1 Rac8 19. Rc5 Ne7 20. Rdc1 b6 21. R5c2
Bb8 22. b5 Bf5 23. Rxc8 Rxc8 24. Nd4 Be4 25. Nc6 Nxc6 26. Bxe4 Ne7 27. Rxc8+
Qxc8 28. Bxd5+ Kf8 29. Ba3 Qd8 30. Qd4 Bd6 31. Be4 Bc7 32. Qxd8+ Bxd8 33. Bxh7
Kf7 34. Be4 Bc7 35. Kg2 Nc8 36. Bd5+ Kg6 37. Kf3 Nd6 38. e4 Kg5 39. h4+ Kg6 40.
Bc1 Nc8 41. Bf4 Bxf4 42. Kxf4 Ne7 43. Be6 Kh6 44. Bf7 g6 45. e5 Kg7 46. Be6 a6
47. exf6+ Kxf6 48. bxa6 Nc6 49. Bd5 Na7 50. g4 g5+ 51. hxg5+ Kg6 52. Be4+ Kf7
53. Kf5 Kg7 54. Ke6 1-0

[Event "British Columbia-ch U20"]
[Site "Vancouver CAN"]
[Date "2018.11.11"]
[Round "3.9"]
[White "Xu, Andrew"]
[Black "Chung, Alec"]
[Result "0-1"]
[WhiteElo "1516"]
[BlackElo "1807"]
[PlyCount "68"]
[EventDate "2018.11.10"]
[EventType "swiss"]
[EventRounds "5"]
[EventCountry "CAN"]

1. e4 c5 2. Nf3 d6 3. Bb5+ Bd7 4. Bxd7+ Qxd7 5. c4 e5 6. Nc3 Ne7 7. d3 Nbc6 8.
O-O g6 9. Bg5 Bg7 10. Re1 h6 11. Bd2 O-O 12. a3 Rab8 13. Qc1 Nd4 14. Nxd4 cxd4
15. Ne2 Kh7 16. Ng3 b5 17. b3 bxc4 18. bxc4 Rb3 19. Qc2 Rb7 20. Reb1 Rfb8 21.
f4 f5 22. h4 fxe4 23. Nxe4 Nf5 24. Rxb7 Qxb7 25. g4 Nxh4 26. Kf2 exf4 27. Bxf4
Qf7 28. Kg3 Qxf4+ 29. Kxh4 Qf3 30. Qh2 Be5 31. Qg1 g5+ 32. Nxg5+ hxg5+ 33. Kxg5
Bf6+ 34. Kh5 Qh3# 0-1

[Event "British Columbia-ch U20"]
[Site "Vancouver CAN"]
[Date "2018.11.11"]
[Round "3.10"]
[White "Wang, Daniel"]
[Black "Huang, Ryan"]
[Result "0-1"]
[WhiteElo "1576"]
[BlackElo "1571"]
[PlyCount "100"]
[EventDate "2018.11.10"]
[EventType "swiss"]
[EventRounds "5"]
[EventCountry "CAN"]

1. e4 c5 2. c3 d5 3. exd5 Qxd5 4. d4 Nf6 5. Nf3 Bg4 6. Be2 e6 7. O-O Nc6 8. Be3
cxd4 9. cxd4 Be7 10. Nc3 Qd7 11. Rc1 O-O 12. h3 Bh5 13. Qd2 Rfd8 14. Rfd1 Nd5
15. Nxd5 Qxd5 16. a3 Rac8 17. b4 b5 18. Rc2 Bg6 19. Bd3 a5 20. Bxg6 hxg6 21.
Rb2 axb4 22. axb4 Ra8 23. Qc3 Ra4 24. Rdb1 Rda8 25. Ne1 Ra1 26. Nc2 Rxb1+ 27.
Rxb1 Ra2 28. Qd3 e5 29. Qc3 Bf6 30. Rd1 Qe4 31. Rd2 exd4 32. Bxd4 Nxd4 33. Rxd4
Rxc2 34. Rxe4 Bxc3 35. Re8+ Kh7 36. Rf8 Bxb4 37. Rxf7 Bc5 38. g3 b4 39. Rf3
Rxf2 40. Rxf2 b3 41. Kf1 Bxf2 42. Kxf2 b2 43. Kg2 b1=Q 44. h4 g5 45. hxg5 Kg6
46. Kh3 Kxg5 47. Kg2 Kg4 48. Kh2 Qe1 49. Kg2 Qe2+ 50. Kh1 Kxg3 0-1

[Event "British Columbia-ch U20"]
[Site "Vancouver CAN"]
[Date "2018.11.11"]
[Round "3.11"]
[White "Su, Ethan"]
[Black "Qiu, Peter Yong"]
[Result "1-0"]
[WhiteElo "1471"]
[BlackElo "1521"]
[PlyCount "63"]
[EventDate "2018.11.10"]
[EventType "swiss"]
[EventRounds "5"]
[EventCountry "CAN"]

1. e4 e5 2. Nf3 Nc6 3. d4 exd4 4. Nxd4 Bc5 5. Nxc6 Qf6 6. Qd2 Qxc6 7. Nc3 a6 8.
Bd3 Nf6 9. O-O d6 10. Re1 O-O 11. Nd5 Nxd5 12. exd5 Qa4 13. Re4 Qd7 14. Rh4 f5
15. b4 Qe7 16. Rh3 Bd4 17. c3 Bf6 18. Bb2 g6 19. Re1 Qg7 20. f4 g5 21. fxg5
Bxg5 22. Qc2 Bd7 23. c4 Qg6 24. Rg3 Rae8 25. Rf1 Re3 26. Rgf3 Rfe8 27. Bxf5
Bxf5 28. Qxf5 Rxf3 29. Qxf3 Bh6 30. h3 Re3 31. Qf6 Re2 32. Qh8# 1-0

[Event "British Columbia-ch U20"]
[Site "Vancouver CAN"]
[Date "2018.11.11"]
[Round "3.12"]
[White "Luu, Tran Nguyen Khoi"]
[Black "Yang, Jingyun (Ryan)"]
[Result "1-0"]
[WhiteElo "1459"]
[BlackElo "1627"]
[PlyCount "91"]
[EventDate "2018.11.10"]
[EventType "swiss"]
[EventRounds "5"]
[EventCountry "CAN"]

1. d4 d5 2. Bf4 Nf6 3. e3 c6 4. c4 Bf5 5. Nc3 e6 6. Qb3 Qb6 7. c5 Qxb3 8. axb3
Nbd7 9. Nf3 Be7 10. b4 O-O 11. b5 Nh5 12. Ne5 Nxe5 13. Bxe5 Nf6 14. Kd2 Ne4+
15. Nxe4 Bxe4 16. f3 Bg6 17. b4 f6 18. Bg3 cxb5 19. Bxb5 Be8 20. Bxe8 Rfxe8 21.
Ra2 a6 22. Rha1 Rac8 23. Rb2 Bf8 24. b5 axb5 25. Rxb5 Ra8 26. Rab1 e5 27. Rxb7
exd4 28. exd4 g6 29. Bf4 g5 30. Bg3 h5 31. Rb8 Rexb8 32. Rxb8 Ra2+ 33. Kc3 Ra1
34. Bd6 Kf7 35. Rxf8+ Ke6 36. Re8+ Kd7 37. Re7+ Kc8 38. Kb4 Rb1+ 39. Ka5 g4 40.
c6 Ra1+ 41. Kb4 Rb1+ 42. Ka3 Ra1+ 43. Kb2 Re1 44. Rxe1 Kd8 45. Ra1 gxf3 46.
Ra8# 1-0

[Event "British Columbia-ch U20"]
[Site "Vancouver CAN"]
[Date "2018.11.12"]
[Round "4.1"]
[White "Yang, Brian"]
[Black "Doknjas, Joshua"]
[Result "0-1"]
[WhiteElo "1775"]
[BlackElo "2290"]
[PlyCount "72"]
[EventDate "2018.11.10"]
[EventType "swiss"]
[EventRounds "5"]
[EventCountry "CAN"]

1. e4 c5 2. c3 Nf6 3. e5 Nd5 4. d4 cxd4 5. Nf3 Nc6 6. Bc4 Nb6 7. Bb3 d5 8. exd6
Qxd6 9. O-O Be6 10. Na3 dxc3 11. Qe2 Bxb3 12. Nb5 Qb8 13. axb3 e6 14. bxc3 Be7
15. g3 Qc8 16. Be3 Nd5 17. Nxa7 Nxa7 18. Bxa7 Nxc3 19. Qd3 O-O 20. Rfc1 Rxa7
21. Rxa7 Ne2+ 22. Qxe2 Qxc1+ 23. Kg2 Qc6 24. Kg1 Qb6 25. Qa2 Bc5 26. Ra4 h6 27.
Qb2 Bb4 28. Nd4 Rd8 29. Nf3 Bf8 30. Qc2 Be7 31. Rc4 Bf6 32. Rc7 g5 33. Ne1 Kg7
34. Rc4 Qa5 35. Nd3 Qf5 36. Nb4 Qf3 0-1

[Event "British Columbia-ch U20"]
[Site "Vancouver CAN"]
[Date "2018.11.12"]
[Round "4.2"]
[White "Zhu, Brandon"]
[Black "Bremner, William"]
[Result "1-0"]
[WhiteElo "2102"]
[BlackElo "2106"]
[PlyCount "79"]
[EventDate "2018.11.10"]
[EventType "swiss"]
[EventRounds "5"]
[EventCountry "CAN"]

1. d4 d5 2. c4 e6 3. Nf3 Nf6 4. Nc3 Be7 5. g3 O-O 6. Bg2 c6 7. O-O b6 8. Ne5
Nfd7 9. Nxd7 Nxd7 10. e4 Ba6 11. exd5 cxd5 12. Nb5 Nf6 13. Bf4 Bb7 14. Be5 Qd7
15. b3 Rfd8 16. Rc1 dxc4 17. bxc4 Bxg2 18. Kxg2 a6 19. Nc3 Qc6+ 20. Qf3 Qxc4
21. Qb7 Nd5 22. Nxd5 Qxd5+ 23. Qxd5 Rxd5 24. Rc7 Bd8 25. Rb7 f6 26. Bb8 Rxd4
27. Kf3 e5 28. Ke3 b5 29. f4 h6 30. fxe5 Rd5 31. Ke4 Rd2 32. Kf5 Re2 33. Kg6
Kh8 34. Rf7 Be7 35. Rxe7 Rxb8 36. exf6 Rxh2 37. fxg7+ Kg8 38. Ref7 Rb6+ 39.
R1f6 Rxf6+ 40. Rxf6 1-0

[Event "British Columbia-ch U20"]
[Site "Vancouver CAN"]
[Date "2018.11.12"]
[Round "4.3"]
[White "Hemstapat, Andrew"]
[Black "Labelle, Ambroise"]
[Result "1-0"]
[WhiteElo "2209"]
[BlackElo "1944"]
[PlyCount "49"]
[EventDate "2018.11.10"]
[EventType "swiss"]
[EventRounds "5"]
[EventCountry "CAN"]

1. e4 e6 2. Nf3 d5 3. Nc3 Nf6 4. e5 Nfd7 5. d4 c5 6. Bg5 Qb6 7. dxc5 Bxc5 8.
Qd2 Nc6 9. O-O-O Qa5 10. a3 a6 11. Bd3 b5 12. Rhe1 b4 13. Nxd5 exd5 14. e6 Nf6
15. exf7+ Kxf7 16. Bxf6 gxf6 17. Ng5+ fxg5 18. Qxg5 Qd8 19. Qh5+ Kg7 20. Bc4
Bd4 21. Bxd5 Qf6 22. Bxc6 Bxb2+ 23. Kb1 Bxa3 24. Re5 Ra7 25. Rg5+ 1-0

[Event "British Columbia-ch U20"]
[Site "Vancouver CAN"]
[Date "2018.11.12"]
[Round "4.4"]
[White "Huang, Patrick"]
[Black "Doknjas, Neil"]
[Result "0-1"]
[WhiteElo "2099"]
[BlackElo "2056"]
[PlyCount "176"]
[EventDate "2018.11.10"]
[EventType "swiss"]
[EventRounds "5"]
[EventCountry "CAN"]

1. d4 d5 2. Bf4 Nf6 3. e3 e6 4. c3 c5 5. Nd2 Bd6 6. Bg3 O-O 7. Ngf3 Nc6 8. Bb5
a6 9. Bxc6 bxc6 10. Bxd6 Qxd6 11. Qa4 Nd7 12. Qa3 Rb8 13. Nb3 Qe7 14. O-O Re8
15. Nxc5 Nxc5 16. Qxc5 Qxc5 17. dxc5 Rxb2 18. Rfb1 Rb5 19. Rxb5 cxb5 20. a4
bxa4 21. Rxa4 Re7 22. Nd4 Rc7 23. Nb3 Kf8 24. Kf1 Bd7 25. Ra5 Bb5+ 26. Ke1 e5
27. Kd1 Ke7 28. Kc2 Kd7 29. Kb2 Rc6 30. Ra1 Rf6 31. f3 Rg6 32. Rg1 Kc6 33. f4
exf4 34. exf4 Bc4 35. f5 Rh6 36. Nd4+ Kxc5 37. h3 g6 38. fxg6 hxg6 39. Re1 g5
40. Re5 Rg6 41. Rf5 f6 42. Rf3 Bb5 43. Re3 Bd7 44. Re7 Kd6 45. Rf7 a5 46. Rf8
a4 47. Rf7 Be8 48. Ra7 Bd7 49. Ra6+ Ke7 50. Ra5 Kd6 51. Ka3 g4 52. h4 Rh6 53.
g3 Rh8 54. Ra6+ Ke5 55. Ra7 Rc8 56. Kb4 Rc4+ 57. Ka5 Rxc3 58. Ne2 Rc5+ 59. Kb4
Rc4+ 60. Ka3 Kd6 61. Ra6+ Bc6 62. h5 Re4 63. Nf4 Re3+ 64. Ka2 Rxg3 65. h6 Rg1
66. Ra7 Rh1 67. h7 Bd7 68. Ra6+ Kc5 69. Ra5+ Kc6 70. Nxd5 Be6 71. Ka3 Bxd5 72.
Ra6+ Kc5 73. Ra5+ Kd6 74. Ra6+ Ke5 75. Rxa4 Rxh7 76. Rxg4 Rb7 77. Rg1 f5 78.
Re1+ Be4 79. Rc1 f4 80. Rc5+ Bd5 81. Rc8 f3 82. Rf8 Kd4 83. Rf4+ Be4 84. Ka2
Ke3 85. Rf6 f2 86. Rf8 Ke2 87. Re8 f1=Q 88. Rxe4+ Kd3 0-1

[Event "British Columbia-ch U20"]
[Site "Vancouver CAN"]
[Date "2018.11.12"]
[Round "4.5"]
[White "Lehingrat, Callum"]
[Black "Zheng, Victor"]
[Result "1-0"]
[WhiteElo "2076"]
[BlackElo "1876"]
[PlyCount "125"]
[EventDate "2018.11.10"]
[EventType "swiss"]
[EventRounds "5"]
[EventCountry "CAN"]

1. d4 Nf6 2. c4 g6 3. Nc3 Bg7 4. e4 d6 5. Nf3 O-O 6. Be2 e5 7. O-O Nc6 8. d5
Ne7 9. Ne1 Ne8 10. Nd3 f5 11. Bd2 Nf6 12. f3 f4 13. Rc1 g5 14. c5 Ng6 15. Nb5
Rf7 16. Ba5 b6 17. cxd6 cxd6 18. Be1 h5 19. Nb4 g4 20. Qc2 Ne8 21. Nxa7 gxf3
22. Nac6 Qg5 23. Bxf3 Bh6 24. Qf2 h4 25. Qxb6 h3 26. Rc2 Bg4 27. Qf2 Nf6 28.
Kh1 Qh5 29. Re2 Bg5 30. gxh3 Qxh3 31. Qg2 Rh7 32. Bxg4 Nxg4 33. Qxh3 Rxh3 34.
Rg2 Ne3 35. Rxg5 Nxf1 36. Rxg6+ Kf7 37. Rg2 Rah8 38. Kg1 Nxh2 39. Bf2 Nf3+ 40.
Kf1 Nd2+ 41. Ke1 Nxe4 42. a4 Rb3 43. Bg1 f3 44. Rg4 Nf6 45. Rg3 e4 46. a5 Rh1
47. a6 f2+ 48. Kxf2 Rxg3 49. Kxg3 Rxg1+ 50. Kf4 Ra1 51. a7 Ke8 52. Kf5 Nd7 53.
Kxe4 Nb6 54. Nc2 Ra2 55. Na3 Rxb2 56. Nc4 Re2+ 57. Kd3 Ra2 58. Nxb6 Ra6 59.
a8=Q+ Rxa8 60. Nxa8 Kd7 61. Ke4 Kc8 62. Kf5 Kb7 63. Ke6 1-0

[Event "British Columbia-ch U20"]
[Site "Vancouver CAN"]
[Date "2018.11.12"]
[Round "4.6"]
[White "Chung, Alec"]
[Black "Su, Ethan"]
[Result "1-0"]
[WhiteElo "1807"]
[BlackElo "1471"]
[PlyCount "59"]
[EventDate "2018.11.10"]
[EventType "swiss"]
[EventRounds "5"]
[EventCountry "CAN"]

1. c4 Nf6 2. Nc3 g6 3. e4 d6 4. g3 Bg7 5. Bg2 c5 6. Nge2 Nc6 7. d3 O-O 8. h3 a6
9. Be3 Rb8 10. a4 e6 11. Rb1 Nb4 12. Qd2 Re8 13. O-O Bd7 14. f4 e5 15. f5 b5
16. axb5 axb5 17. g4 Na6 18. cxb5 Bxb5 19. Nxb5 Rxb5 20. Ng3 d5 21. fxg6 fxg6
22. Bh6 dxe4 23. Nxe4 Nxe4 24. Bxe4 Qb6 25. Bd5+ Kh8 26. Bxg7+ Kxg7 27. Rf7+
Kh8 28. Qh6 c4+ 29. Kh1 Rxd5 30. Qg7# 1-0

[Event "British Columbia-ch U20"]
[Site "Vancouver CAN"]
[Date "2018.11.12"]
[Round "4.7"]
[White "Wu, Nathan"]
[Black "Leong, Ryan"]
[Result "0-1"]
[WhiteElo "1429"]
[BlackElo "1771"]
[PlyCount "108"]
[EventDate "2018.11.10"]
[EventType "swiss"]
[EventRounds "5"]
[EventCountry "CAN"]

1. d4 d5 2. Bf4 Nf6 3. e3 e6 4. Nd2 c5 5. c3 Nc6 6. Ngf3 Be7 7. Bd3 Qb6 8. Rb1
c4 9. Bc2 Nh5 10. Bg3 Nxg3 11. hxg3 h6 12. O-O f5 13. Nh4 Bxh4 14. Qh5+ Ke7 15.
Qxh4+ g5 16. Qh5 Bd7 17. Qe2 h5 18. Nf3 Rag8 19. Ne5 Nxe5 20. dxe5 g4 21. f3 h4
22. fxg4 Rxg4 23. gxh4 Rhxh4 24. Kf2 Rh2 25. Rg1 Bc6 26. Ke1 Rg3 27. Kd2 d4 28.
Qxc4 dxe3+ 29. Ke1 e2 30. Qb4+ Qxb4 31. cxb4 Rgxg2 32. Rxg2 Bxg2 33. Bd3 f4 34.
Rc1 Rh1+ 35. Kxe2 Rxc1 36. Kd2 Rh1 37. a4 Bf3 38. b5 Rd1+ 39. Kc3 Bd5 40. a5 f3
41. b6 axb6 42. axb6 f2 43. Bb5 Rc1+ 44. Kd2 Rc5 45. Bf1 Bc4 46. Bg2 Rxe5 47.
Kc3 f1=Q 48. Bxf1 Bxf1 49. Kd4 Rb5 50. Kc3 Rxb6 51. b4 e5 52. Kb3 e4 53. Ka4 e3
54. Ka5 Ra6# 0-1

[Event "British Columbia-ch U20"]
[Site "Vancouver CAN"]
[Date "2018.11.12"]
[Round "4.8"]
[White "Huang, Ryan"]
[Black "Zhang, Andy"]
[Result "1-0"]
[WhiteElo "1571"]
[BlackElo "1438"]
[PlyCount "57"]
[EventDate "2018.11.10"]
[EventType "swiss"]
[EventRounds "5"]
[EventCountry "CAN"]

1. d4 Nf6 2. Nf3 g6 3. c4 Bg7 4. Nc3 d6 5. e4 O-O 6. Be2 Nc6 7. O-O e5 8. d5
Ne7 9. Ne1 Nd7 10. b4 a5 11. bxa5 Rxa5 12. Be3 f5 13. f3 f4 14. Bf2 g5 15. Nd3
h5 16. Qb3 b6 17. Nb4 Nf6 18. Nc6 Nxc6 19. dxc6 Rf7 20. c5 bxc5 21. Bc4 Qe8 22.
Bxf7+ Qxf7 23. Qxf7+ Kxf7 24. Rfb1 Ra6 25. Rb8 Be6 26. a4 Rxc6 27. a5 Ra6 28.
Nb5 Ne8 29. Rxe8 1-0

[Event "British Columbia-ch U20"]
[Site "Vancouver CAN"]
[Date "2018.11.12"]
[Round "4.9"]
[White "Nasibi, Nima"]
[Black "Trenton, Isaac"]
[Result "1-0"]
[WhiteElo "1427"]
[BlackElo "1537"]
[PlyCount "71"]
[EventDate "2018.11.10"]
[EventType "swiss"]
[EventRounds "5"]
[EventCountry "CAN"]

1. e4 c5 2. Nf3 d6 3. d4 cxd4 4. Nxd4 Nf6 5. Nc3 g6 6. Bc4 Bg7 7. Be3 a6 8. a4
Qc7 9. Bb3 Bd7 10. f3 O-O 11. Qd2 Nc6 12. g4 Ne5 13. g5 Nh5 14. Qe2 Rac8 15.
Nd5 Qd8 16. a5 Nc6 17. Qd2 e5 18. Nxc6 Bxc6 19. Nb6 Rc7 20. O-O-O Re8 21. Qxd6
Qxd6 22. Rxd6 Bf8 23. Rd3 Bb4 24. Bd2 Bc5 25. Be3 Bb5 26. c4 Bxb6 27. axb6 Rc6
28. Rc3 Rec8 29. cxb5 Rxc3+ 30. bxc3 Rxc3+ 31. Kb2 Rxe3 32. bxa6 Nf4 33. axb7
Nd3+ 34. Ka3 Kg7 35. b8=Q Rxf3 36. Qc7 1-0

[Event "British Columbia-ch U20"]
[Site "Vancouver CAN"]
[Date "2018.11.12"]
[Round "4.10"]
[White "Madokoro, Aidan"]
[Black "Xu, Andrew"]
[Result "0-1"]
[WhiteElo "1425"]
[BlackElo "1516"]
[PlyCount "68"]
[EventDate "2018.11.10"]
[EventType "swiss"]
[EventRounds "5"]
[EventCountry "CAN"]

1. c4 c5 2. g3 Nc6 3. Bg2 b6 4. Nc3 Bb7 5. e3 Nf6 6. Nge2 e6 7. O-O Be7 8. d4
O-O 9. d5 Ne5 10. d6 Bxg2 11. Kxg2 Bxd6 12. Qxd6 Nxc4 13. Qf4 d5 14. Rd1 e5 15.
Qf3 d4 16. exd4 cxd4 17. Ne4 Nxe4 18. Qxe4 f5 19. Qc6 Rc8 20. Qe6+ Kh8 21. b3
Rf6 22. Bg5 Rxe6 23. Bxd8 Nb2 24. Rd2 d3 25. Ng1 Rc2 26. Bg5 f4 27. Rxc2 dxc2
28. Ne2 h6 29. Bd8 Rd6 30. Bc7 Rd2 31. Nc1 Nd1 32. Bxe5 Rxf2+ 33. Kg1 f3 34.
Bd4 Rg2+ 0-1

[Event "British Columbia-ch U20"]
[Site "Vancouver CAN"]
[Date "2018.11.12"]
[Round "4.11"]
[White "Imoo, Joshua"]
[Black "Yang, Henry"]
[Result "1-0"]
[WhiteElo "1510"]
[BlackElo "1462"]
[PlyCount "81"]
[EventDate "2018.11.10"]
[EventType "swiss"]
[EventRounds "5"]
[EventCountry "CAN"]

1. e4 e5 2. Nf3 Nc6 3. Bc4 Bc5 4. d3 h6 5. O-O Nf6 6. Nc3 d6 7. h3 O-O 8. Be3
Bb6 9. Re1 Re8 10. Qd2 Be6 11. Nd5 Bxd5 12. Bxd5 Nxd5 13. exd5 Ne7 14. c4 Ng6
15. d4 Qf6 16. c5 exd4 17. Bxd4 Ne5 18. Bxe5 dxe5 19. cxb6 axb6 20. Qc3 Rad8
21. Rxe5 Rxe5 22. Qxe5 Qxe5 23. Nxe5 Rxd5 24. Nf3 Kf8 25. Rc1 c6 26. Kf1 Ke7
27. Ke2 Ke6 28. Ke3 g5 29. Nd4+ Ke5 30. Nf3+ Ke6 31. g4 c5 32. Nh2 Re5+ 33. Kf3
Rd5 34. Rc2 Rd3+ 35. Kg2 Kd5 36. Nf1 b5 37. Ne3+ Ke4 38. Rxc5 b4 39. Rb5 Rd4
40. Rxb7 f6 41. Nf5 1-0

[Event "British Columbia-ch U20"]
[Site "Vancouver CAN"]
[Date "2018.11.12"]
[Round "4.12"]
[White "Qiu, Peter Yong"]
[Black "Luu, Tran Nguyen Khoi"]
[Result "1/2-1/2"]
[WhiteElo "1521"]
[BlackElo "1459"]
[PlyCount "146"]
[EventDate "2018.11.10"]
[EventType "swiss"]
[EventRounds "5"]
[EventCountry "CAN"]

1. e4 c5 2. Nf3 Nc6 3. Bc4 d6 4. d4 cxd4 5. Nxd4 Nf6 6. Nc3 e6 7. Bg5 Be7 8.
Qd2 h6 9. Bxf6 Bxf6 10. Bb5 Qb6 11. Bxc6+ bxc6 12. Nb3 d5 13. O-O-O Qc7 14. f4
a5 15. Rhe1 O-O 16. e5 Be7 17. Na4 c5 18. Re3 Qc6 19. Naxc5 Bxc5 20. Rc3 a4 21.
Nxc5 a3 22. b3 Ba6 23. Ne4 Qb6 24. Nd6 f6 25. Qd4 Qxd4 26. Rxd4 fxe5 27. fxe5
Rf1+ 28. Rd1 Raf8 29. Rg3 Rxd1+ 30. Kxd1 Rf1+ 31. Kd2 Rf2+ 32. Kc3 Re2 33. b4
Rxe5 34. b5 d4+ 35. Kc4 Bxb5+ 36. Nxb5 Rd5 37. Rxa3 Kf7 38. Rd3 Rg5 39. g3 e5
40. a4 Rg6 41. Kd5 Re6 42. Nd6+ Ke7 43. Nf5+ Kf6 44. g4 Ra6 45. Ra3 h5 46. h3
hxg4 47. hxg4 g6 48. Nh4 Ra5+ 49. Ke4 Rc5 50. Kd3 Kg5 51. a5 Kxh4 52. a6 Rc8
53. a7 Ra8 54. Ke4 Kxg4 55. Kxe5 d3 56. cxd3 g5 57. d4 Kh4 58. d5 g4 59. Kf4
Rf8+ 60. Ke4 Ra8 61. Ke3 g3 62. Kd4 g2 63. Ra1 Rxa7 64. Re1 Rf7 65. Rg1 Kg3 66.
d6 Rf1 67. Rxg2+ Kxg2 68. Kc5 Kf3 69. d7 Rd1 70. Kc6 Ke4 71. Kc7 Rc1+ 72. Kd6
Rd1+ 73. Ke7 Ke5 1/2-1/2

[Event "British Columbia-ch U20"]
[Site "Vancouver CAN"]
[Date "2018.11.12"]
[Round "4.13"]
[White "Yang, Jingyun (Ryan)"]
[Black "Wang, Daniel"]
[Result "1/2-1/2"]
[WhiteElo "1627"]
[BlackElo "1576"]
[PlyCount "67"]
[EventDate "2018.11.10"]
[EventType "swiss"]
[EventRounds "5"]
[EventCountry "CAN"]

1. e4 c5 2. Nf3 g6 3. Bc4 Bg7 4. c3 e6 5. d4 cxd4 6. cxd4 Ne7 7. Nc3 O-O 8. O-O
d5 9. exd5 exd5 10. Bd3 Nbc6 11. Bc2 Nf5 12. Bxf5 Bxf5 13. Qb3 Nxd4 14. Nxd4
Bxd4 15. Nxd5 Be6 16. Rd1 Bxd5 17. Qd3 Bxf2+ 18. Kxf2 Qf6+ 19. Kg1 Bc6 20. Rf1
Qe6 21. Bh6 Rfe8 22. Qd4 Qe5 23. Qf2 f5 24. Rae1 Qd5 25. Rd1 Qf7 26. Qd4 Re7
27. b3 Re4 28. Qc3 Rae8 29. Rf2 R4e6 30. Rdf1 Qf6 31. Qg3 Be4 32. Bc1 Qg7 33.
Bb2 Qh6 34. Qc3 1/2-1/2

[Event "British Columbia-ch U20"]
[Site "Vancouver CAN"]
[Date "2018.11.12"]
[Round "5.1"]
[White "Doknjas, Joshua"]
[Black "Hemstapat, Andrew"]
[Result "1/2-1/2"]
[WhiteElo "2290"]
[BlackElo "2209"]
[PlyCount "41"]
[EventDate "2018.11.10"]
[EventType "swiss"]
[EventRounds "5"]
[EventCountry "CAN"]

1. e4 e6 2. d4 d5 3. Nc3 Nf6 4. Bg5 Be7 5. e5 Nfd7 6. Bxe7 Qxe7 7. f4 a6 8. Nf3
c5 9. dxc5 Nxc5 10. Qd2 Nc6 11. a3 O-O 12. Qe3 b5 13. b4 Nd7 14. Bd3 f5 15.
exf6 Qxf6 16. O-O g6 17. Ne2 Bb7 18. Ned4 Rfe8 19. Rae1 Nf8 20. Nb3 Rab8 21.
Ne5 1/2-1/2

[Event "British Columbia-ch U20"]
[Site "Vancouver CAN"]
[Date "2018.11.12"]
[Round "5.2"]
[White "Bremner, William"]
[Black "Chung, Alec"]
[Result "1-0"]
[WhiteElo "2106"]
[BlackElo "1807"]
[PlyCount "195"]
[EventDate "2018.11.10"]
[EventType "swiss"]
[EventRounds "5"]
[EventCountry "CAN"]

1. d4 Nf6 2. c4 g6 3. Nc3 d5 4. Nf3 Bg7 5. Bg5 Ne4 6. cxd5 Nxg5 7. Nxg5 e6 8.
Qd2 h6 9. Nh3 exd5 10. Nf4 O-O 11. e3 c6 12. Bd3 Re8 13. O-O b5 14. Rfc1 a5 15.
Qc2 Qg5 16. Nfe2 Na6 17. a3 Bd7 18. Na2 h5 19. Kf1 Qf6 20. Kg1 Qg5 21. Kh1 Qf6
22. Ng1 Nc7 23. Nf3 Qe7 24. Rd1 Ne6 25. Rac1 Ng5 26. Ne5 Rac8 27. f4 Ne4 28.
Bxe4 dxe4 29. Qd2 Bxe5 30. dxe5 Bg4 31. Re1 Qa7 32. Nc3 Bf5 33. h3 Red8 34. Qe2
Qe7 35. Kg1 Qh4 36. Nd1 Rc7 37. Nf2 Qg3 38. Red1 Rdc8 39. Rd6 Qh4 40. Qd2 a4
41. Rc5 Kg7 42. Qd4 Qg3 43. Kf1 Qh4 44. Qc3 Qg3 45. Qd2 Be6 46. Nxe4 Qh2 47.
Qf2 Bxh3 48. Qg1 Qxg1+ 49. Kxg1 Be6 50. Nc3 Bd5 51. e4 Bc4 52. Nxa4 bxa4 53.
Rxc4 Rb8 54. Rdxc6 Rcb7 55. Rc2 Ra8 56. R6c4 Kh6 57. Rc7 Raa7 58. Rxb7 Rxb7 59.
Rc4 Ra7 60. Rc8 Rb7 61. Ra8 Rxb2 62. Rxa4 h4 63. Ra5 Ra2 64. Kh2 Re2 65. Ra7
Kh5 66. Rxf7 Kg4 67. Rf6 h3 68. Rxg6+ Kxf4 69. Kxh3 Kxe5 70. Rg8 Re3+ 71. Kg4
Rxa3 72. Re8+ Kf6 73. Kf4 Ra1 74. Rf8+ Ke6 75. Rf5 Rf1+ 76. Kg5 Re1 77. Rf8 Ra1
78. g4 Ra5+ 79. Kg6 Ke7 80. Rf7+ Ke6 81. Rf5 Ra4 82. Rf8 Ke7 83. Rf4 Ke6 84. g5
Ke5 85. Rh4 Ra6+ 86. Kh7 Ra7+ 87. Kh6 Ra8 88. g6 Ra6 89. Kh7 Ra8 90. g7 Ra7 91.
Kh8 Ra8+ 92. g8=Q Rxg8+ 93. Kxg8 Ke6 94. Rh5 Kf6 95. Kh7 Ke6 96. Kg6 Ke7 97.
Re5+ Kd6 98. Kf6 1-0

[Event "British Columbia-ch U20"]
[Site "Vancouver CAN"]
[Date "2018.11.12"]
[Round "5.3"]
[White "Doknjas, Neil"]
[Black "Zhu, Brandon"]
[Result "1-0"]
[WhiteElo "2056"]
[BlackElo "2102"]
[PlyCount "83"]
[EventDate "2018.11.10"]
[EventType "swiss"]
[EventRounds "5"]
[EventCountry "CAN"]

1. e4 g6 2. d4 Bg7 3. Nf3 c5 4. Nc3 cxd4 5. Nxd4 Nc6 6. Be3 Nf6 7. Nxc6 dxc6 8.
Qxd8+ Kxd8 9. O-O-O+ Ke8 10. f3 h5 11. Bc4 b5 12. Bxb5 cxb5 13. Nxb5 Nd7 14.
Nc7+ Kd8 15. Nxa8 Bb7 16. Bxa7 Bxa8 17. Rd3 Kc7 18. Bd4 e5 19. Be3 Bf8 20. Rhd1
Bc6 21. Rc3 Bb4 22. Rc4 Be7 23. Rd3 Ra8 24. Rdc3 Ra6 25. b4 Kd6 26. a3 Bb5 27.
Rc8 Ke6 28. Rb3 Ba4 29. Rd3 Nb6 30. Bxb6 Rxb6 31. c4 Rd6 32. Rd5 Kd7 33. Ra8
Bb3 34. Ra7+ Ke6 35. Rxd6+ Kxd6 36. c5+ Ke6 37. a4 Bc4 38. a5 f5 39. a6 fxe4
40. fxe4 Bd3 41. c6 Bd6 42. Re7+ 1-0

[Event "British Columbia-ch U20"]
[Site "Vancouver CAN"]
[Date "2018.11.12"]
[Round "5.4"]
[White "Yang, Brian"]
[Black "Lehingrat, Callum"]
[Result "0-1"]
[WhiteElo "1775"]
[BlackElo "2076"]
[PlyCount "72"]
[EventDate "2018.11.10"]
[EventType "swiss"]
[EventRounds "5"]
[EventCountry "CAN"]

1. e4 c5 2. c3 Nf6 3. e5 Nd5 4. d4 cxd4 5. Nf3 e6 6. cxd4 d6 7. Bc4 Nc6 8. O-O
Be7 9. Qe2 O-O 10. Qe4 Nb6 11. Bd3 g6 12. Nc3 Nb4 13. Bb1 Bd7 14. a3 Bc6 15.
Qg4 N4d5 16. Ne4 dxe5 17. dxe5 Nd7 18. h4 h5 19. Qg3 Qc7 20. Bh6 Rfd8 21. Re1
Nf8 22. Neg5 Be8 23. Ba2 Qc2 24. Nd4 Qxb2 25. Bxf8 Qxd4 26. Bxd5 Bxf8 27. Bxb7
Rab8 28. Bf3 Bg7 29. Rad1 Qc3 30. Re3 Rxd1+ 31. Bxd1 Qa1 32. Re1 Rd8 33. Qb3
Bxe5 34. Kf1 Qc3 35. Re3 Qa1 36. Rd3 Rxd3 0-1

[Event "British Columbia-ch U20"]
[Site "Vancouver CAN"]
[Date "2018.11.12"]
[Round "5.5"]
[White "Leong, Ryan"]
[Black "Huang, Ryan"]
[Result "1-0"]
[WhiteElo "1771"]
[BlackElo "1571"]
[PlyCount "105"]
[EventDate "2018.11.10"]
[EventType "swiss"]
[EventRounds "5"]
[EventCountry "CAN"]

1. Nf3 c5 2. g3 Nc6 3. Bg2 g6 4. O-O Bg7 5. d3 d6 6. c3 e5 7. e4 Nge7 8. Nbd2
O-O 9. Nh4 Be6 10. a4 Qd7 11. f4 f5 12. Ndf3 h6 13. Be3 b6 14. Qd2 Kh7 15. Rad1
Bb3 16. Ra1 Rad8 17. Ra3 Na5 18. exf5 gxf5 19. Qf2 Nd5 20. Nd2 Nxe3 21. Qxe3
Be6 22. b4 cxb4 23. cxb4 Nc6 24. Bxc6 Qxc6 25. Ndf3 Qd5 26. Re1 Bc8 27. a5 Qb5
28. axb6 axb6 29. fxe5 Qxb4 30. Ra7 dxe5 31. Qxe5 Rd7 32. Rxd7 Bxd7 33. Qf4
Qxf4 34. gxf4 Re8 35. Ne5 Bc8 36. d4 Rd8 37. Rd1 Rd5 38. Ng2 Ra5 39. Ne3 Ra2
40. Rc1 Re2 41. Rc3 b5 42. Kf1 Rd2 43. Rxc8 Rxd4 44. Ng2 b4 45. Rb8 Rd1+ 46.
Ke2 Rd4 47. Rb7 b3 48. Rxb3 Bxe5 49. fxe5 Re4+ 50. Re3 Kg6 51. Rxe4 fxe4 52. e6
Kf6 53. Nf4 1-0